[Event "NRW-Ferienturnier U16"]
[Site "Wewelsburg"]
[Date "2001.08.16"]
[Round "5"]
[White "Berg, Lauritz"]
[Black "Mir Wais, Milod"]
[Result "0-1"]
[WhiteElo "1361"]
[BlackElo "1598"]
[PlyCount "118"]
[EventDate "2001.08.??"]
[EventType "swiss"]
[EventRounds "7"]
[EventCountry "GER"]
[SourceTitle "EXT 2003"]
[Source "ChessBase"]
[SourceDate "2002.11.25"]
[SourceVersion "1"]
[SourceVersionDate "2002.11.25"]
[SourceQuality "1"]

1. d4 d5 2. c4 e6 3. Nc3 Nf6 4. Bg5 Be7 5. Nf3 0-0 6. e3 Re8 7. Bd3 h6 8. Bh4 Nc6 9. 0-0 b6 10. Qc2 Bb7 11. Rac1 Nb4 12. Qe2 Nxd3 13. Qxd3 Ba6 14. b3 c6 15. Ne5 Qc7 16. Bg3 Bd6 17. Qd2 Qb7 18. Ne2 Rad8 19. Qc2 Ne4 20. Rfe1 Bb4 21. Red1 Rc8 22. Qb2 Qe7 23. cxd5 cxd5 24. Nc6 Qf8 25. Nxb4 Qxb4 26. h3 Rxc1 27. Rxc1 Bxe2 28. Qxe2 Nxg3 29. fxg3 Qa3 30. Qd2 Qd6 31. Kh2 e5 32. dxe5 Qxe5 33. Re1 Qd6 34. b4 Re4 35. Qd3 Qc6 36. Qa6 Qd7 37. Qd3 Re5 38. e4 Qe7 39. Rd1 dxe4 40. Qd7 Qxd7 41. Rxd7 e3 42. Rd1 e2 43. Re1 Re3 44. a4 Re4 45. b5 Kf8 46. Kg1 Ke7 47. Kf2 Kd6 48. Rxe2 Rxe2+ 49. Kxe2 Kc5 50. Kf3 Kb4 51. Ke4 Kxa4 52. Kd5 Kxb5 53. g4 a5 54. Kd6 a4 55. Ke7 a3 56. Kxf7 a2 57. Kxg7 a1Q+ 58. Kxh6 Qf6+ 59. Kh5 Kc6 0-1